000 00567cam a2200193 4500500
005 20260405002206.0
041 _afre
042 _adc
100 1 0 _aPerragin, Charles
_eauthor
245 0 0 _aSuzy Sauvajon. Des murs à abattre
260 _c2016.
500 _a71
690 _aphilo
690 _aphilosophie
690 _aPrison
690 _aSuzy Sauvajon
786 0 _nPhilosophie magazine | 99 | 5 | 2016-05-01 | p. 12-12 | 1951-1787
856 4 1 _uhttps://shs.cairn.info/magazine-philosophie-magazine-2016-5-page-12?lang=fr&redirect-ssocas=7080
999 _c2055224
_d2055224